[Event "Pilsen Region-chT 2223"]
[Site "Czech Republic"]
[Date "2023.01.15"]
[Round "6.1"]
[White "Folk, Petr"]
[Black "Kriz, Daniel"]
[Result "1-0"]
[WhiteElo "2138"]
[BlackElo "1946"]
[PlyCount "103"]
[EventDate "2022.10.09"]
[EventType "team-tourn"]
[EventRounds "11"]
[EventCountry "CZE"]
[SourceTitle "EXT 2024"]
[Source "ChessBase"]
[SourceDate "2023.10.10"]
[SourceVersion "1"]
[SourceVersionDate "2023.10.10"]
[SourceQuality "1"]
[WhiteTeam "Line III"]
[BlackTeam "HerNyr"]
[WhiteTeamCountry "CZE"]
[BlackTeamCountry "CZE"]

1. e4 c5 2. Nf3 Nc6 3. d4 cxd4 4. Nxd4 g6 5. Nc3 Bg7 6. Be3 Nf6 7. Bc4 0-0 8. Bb3 a5 9. 0-0 a4 10. Nxa4 Nxe4 11. Nb5 Ra6 12. c4 d6 13. Qe2 Nf6 14. h3 Be6 15. Rfd1 Qb8 16. Nac3 Rc8 17. Nd5 Bxd5 18. cxd5 Na5 19. Nc3 Nxb3 20. axb3 Rxa1 21. Rxa1 b5 22. Ra5 b4 23. Na4 Nd7 24. Ra7 Nc5 25. Bxc5 Rxc5 26. Qxe7 Rc1+ 27. Kh2 Qf8 28. Qb7 Be5+ 29. g3 Rc8 30. Nb6 Rb8 31. Qc7 Qe8 32. Qxb8 Qxb8 33. Ra8 Qxa8 34. Nxa8 Bxb2 35. Kg2 f5 36. Nb6 Bd4 37. Nc4 Bc5 38. f4 h5 39. Kf3 Kf7 40. Nb2 Ke7 41. Nd3 Kf7 42. Nxc5 dxc5 43. Ke3 g5 44. fxg5 h4 45. gxh4 c4 46. g6+ Kxg6 47. h5+ Kf7 48. h6 cxb3 49. Kd2 f4 50. h7 b2 51. Kc2 Kg7 52. d6 1-0

[Event "Pilsen Region-chT 2223"]
[Site "Czech Republic"]
[Date "2022.11.13"]
[Round "3.1"]
[White "Kriz, Daniel"]
[Black "Spevacek, Ivo"]
[Result "1-0"]
[WhiteElo "1946"]
[BlackElo "1898"]
[PlyCount "55"]
[EventDate "2022.10.09"]
[EventType "team-tourn"]
[EventRounds "11"]
[EventCountry "CZE"]
[SourceTitle "EXT 2024"]
[Source "ChessBase"]
[SourceDate "2023.10.10"]
[SourceVersion "1"]
[SourceVersionDate "2023.10.10"]
[SourceQuality "1"]
[WhiteTeam "HerNyr"]
[BlackTeam "Loko"]
[WhiteTeamCountry "CZE"]
[BlackTeamCountry "CZE"]

1. e4 e5 2. Nf3 Nc6 3. d4 exd4 4. c3 dxc3 5. Nxc3 d6 6. Bc4 Be7 7. Qb3 Na5 8. Bxf7+ Kf8 9. Qa4 Kxf7 10. Qxa5 c6 11. Qa4 b5 12. Qc2 Bg4 13. Nd4 Qd7 14. 0-0 Bf6 15. Be3 a6 16. f4 c5 17. Nf3 Bxc3 18. Qxc3 Bxf3 19. Rxf3 Nf6 20. e5 Nd5 21. Qd3 Nxe3 22. Rxe3 Rhe8 23. e6+ Rxe6 24. Qf5+ Ke7 25. Rae1 Rxe3 26. Rxe3+ Kd8 27. Qf8+ Kc7 28. Qxa8 1-0

[Event "Pilsen Region-chT 2223"]
[Site "Czech Republic"]
[Date "2022.10.30"]
[Round "2.1"]
[White "Galicek, Stanislav"]
[Black "Kriz, Daniel"]
[Result "0-1"]
[WhiteElo "2072"]
[BlackElo "1946"]
[PlyCount "82"]
[EventDate "2022.10.09"]
[EventType "team-tourn"]
[EventRounds "11"]
[EventCountry "CZE"]
[SourceTitle "EXT 2024"]
[Source "ChessBase"]
[SourceDate "2023.10.10"]
[SourceVersion "1"]
[SourceVersionDate "2023.10.10"]
[SourceQuality "1"]
[WhiteTeam "Tachov"]
[BlackTeam "HerNyr"]
[WhiteTeamCountry "CZE"]
[BlackTeamCountry "CZE"]

1. d4 d5 2. c4 Nc6 3. Nf3 Bg4 4. Nc3 dxc4 5. d5 Bxf3 6. exf3 Ne5 7. Bf4 Nd3+ 8. Bxd3 cxd3 9. Qxd3 a6 10. Qc4 Rc8 11. 0-0-0 g6 12. Ne4 Bh6 13. Nc5 b5 14. Qd4 Bxf4+ 15. Qxf4 Qd6 16. Qd4 Nf6 17. Ne4 Qf4+ 18. Qd2 Nxd5 19. Rhe1 0-0 20. Qxf4 Nxf4 21. g3 Ne6 22. Rd5 Rfd8 23. Red1 Rxd5 24. Rxd5 Rd8 25. Re5 c6 26. Nc5 Nxc5 27. Rxc5 Rd6 28. Kc2 Kf8 29. Kc3 Ke8 30. Re5 Kd7 31. Re2 c5 32. Re5 Rc6 33. Rd5+ Kc7 34. a4 e6 35. Re5 Kb6 36. b3 Rd6 37. f4 Rd4 38. a5+ Kc6 39. Re1 b4+ 40. Kc2 Kb5 41. Ra1 c4 0-1

[Event "CZE-chT2A 1011"]
[Site "Czech Republic"]
[Date "2011.03.06"]
[Round "9"]
[White "Meszaros, Ludek"]
[Black "Kriz, Daniel"]
[Result "1-0"]
[WhiteElo "2235"]
[BlackElo "1955"]
[PlyCount "55"]
[EventDate "2010.10.17"]
[EventType "team-tourn"]
[EventRounds "11"]
[EventCountry "CZE"]
[SourceTitle "EXT 2012"]
[Source "ChessBase"]
[SourceDate "2011.11.24"]
[SourceVersion "1"]
[SourceVersionDate "2011.11.24"]
[SourceQuality "1"]
[WhiteTeam "Tabor"]
[BlackTeam "HerNyr"]
[WhiteTeamCountry "CZE"]
[BlackTeamCountry "CZE"]

1. e4 d5 2. Nc3 dxe4 3. Nxe4 e5 4. Bc4 Nc6 5. d3 Na5 6. Bxf7+ Kxf7 7. Qh5+ g6 8. Qxe5 Bb4+ 9. c3 Nf6 10. cxb4 Nc6 11. Qc3 Re8 12. Nf3 Nxe4 13. dxe4 Rxe4+ 14. Be3 Bg4 15. b5 Nb4 16. 0-0 Bxf3 17. gxf3 Rh4 18. Rad1 Qe7 19. a3 Na2 20. Qb3+ Kf8 21. Qxa2 Qe5 22. f4 Qe4 23. Bc5+ Kg7 24. f3 Qe2 25. Bd4+ Kh6 26. Bf2 Rxf4 27. Rde1 Qxf3 28. Be3 1-0

[Event "CZE-chT2A 1011"]
[Site "Czech Republic"]
[Date "2011.02.20"]
[Round "8"]
[White "Kriz, Daniel"]
[Black "Roj, Miroslav"]
[Result "1/2-1/2"]
[WhiteElo "1955"]
[BlackElo "2156"]
[PlyCount "27"]
[EventDate "2010.10.17"]
[EventType "team-tourn"]
[EventRounds "11"]
[EventCountry "CZE"]
[SourceTitle "EXT 2012"]
[Source "ChessBase"]
[SourceDate "2011.11.24"]
[SourceVersion "1"]
[SourceVersionDate "2011.11.24"]
[SourceQuality "1"]
[WhiteTeam "HerNyr"]
[BlackTeam "Pisek Platan"]
[WhiteTeamCountry "CZE"]
[BlackTeamCountry "CZE"]

1. e4 b6 2. d4 Bb7 3. Nc3 e6 4. f4 Bb4 5. Bd3 c5 6. Nf3 Qc8 7. 0-0 c4 8. Be2 Bxc3 9. bxc3 Bxe4 10. Ng5 Bd5 11. f5 Nf6 12. Ba3 Qc6 13. fxe6 dxe6 14. Bh5 1/2-1/2

[Event "CZE-chT2A 1011"]
[Site "Czech Republic"]
[Date "2010.12.05"]
[Round "4"]
[White "Janocko, Petr"]
[Black "Kriz, Daniel"]
[Result "1/2-1/2"]
[WhiteElo "2087"]
[BlackElo "1955"]
[PlyCount "90"]
[EventDate "2010.10.17"]
[EventType "team-tourn"]
[EventRounds "11"]
[EventCountry "CZE"]
[SourceTitle "EXT 2012"]
[Source "ChessBase"]
[SourceDate "2011.11.24"]
[SourceVersion "1"]
[SourceVersionDate "2011.11.24"]
[SourceQuality "1"]
[WhiteTeam "Plzen Letna"]
[BlackTeam "HerNyr"]
[WhiteTeamCountry "CZE"]
[BlackTeamCountry "CZE"]

1. d4 Nf6 2. c4 c5 3. d5 g6 4. Nc3 Bg7 5. g3 0-0 6. Bg2 e5 7. dxe6 dxe6 8. Qb3 Nc6 9. Bxc6 bxc6 10. Be3 Qb6 11. Nf3 Ng4 12. Na4 Qxb3 13. axb3 Nxe3 14. fxe3 Rd8 15. Kf2 Bf8 16. Ne5 Bb7 17. Rhd1 Bd6 18. Nd3 Kg7 19. Ndxc5 Bc8 20. Ne4 Bc7 21. Rxd8 Bxd8 22. Rd1 Be7 23. Nd6 Kf8 24. Nxc8 Rxc8 25. Rd7 Rb8 26. Rxa7 Rxb3 27. h4 g5 28. h5 g4 29. Rc7 Bg5 30. Nc3 Rxb2 31. Ne4 Be7 32. Rxc6 Rc2 33. Nc5 Kg7 34. Nd3 Kf6 35. e4 h6 36. c5 Kg5 37. Rc7 Bf8 38. Rc8 Be7 39. c6 Bc5+ 40. Ke1 Be3 41. Kf1 Kxh5 42. c7 f6 43. Nf2 Bb6 44. Nxg4 Rxc7 45. Nxf6+ Kg6 1/2-1/2

[Event "CZE-chT1W 0809"]
[Site "Czech Republic"]
[Date "2009.01.18"]
[Round "6.6"]
[White "Kriz, Daniel"]
[Black "Pokorny, Petr"]
[Result "0-1"]
[WhiteElo "1945"]
[BlackElo "2199"]
[PlyCount "114"]
[EventDate "2008.10.19"]
[EventType "team-tourn"]
[EventRounds "11"]
[EventCountry "CZE"]
[SourceTitle "EXT 2010"]
[Source "ChessBase"]
[SourceDate "2010.11.25"]
[SourceVersion "1"]
[SourceVersionDate "2010.11.25"]
[SourceQuality "1"]
[WhiteTeam "Praha Holdia"]
[BlackTeam "Litomerice"]
[WhiteTeamCountry "CZE"]
[BlackTeamCountry "CZE"]

1. Nf3 d5 2. b3 c6 3. Bb2 Bg4 4. g3 Nd7 5. Bg2 e6 6. 0-0 Ngf6 7. d3 Bc5 8. Nbd2 0-0 9. c4 Qe7 10. e3 a5 11. Qc2 Ba3 12. Rae1 Bxb2 13. Qxb2 e5 14. e4 d4 15. h3 Be6 16. Kh2 b5 17. Ng1 Qb4 18. Ne2 Nc5 19. Qc2 Nfd7 20. f4 f6 21. Ra1 bxc4 22. Nxc4 Bxc4 23. bxc4 Qa3 24. Rad1 Rfb8 25. Rd2 Rb7 26. fxe5 fxe5 27. Nc1 Rab8 28. Nb3 Nxb3 29. axb3 Rxb3 30. Qd1 Rf8 31. Rxf8+ Nxf8 32. Qe2 Qe7 33. Ra2 Ra3 34. Rb2 a4 35. Qd1 Qa7 36. Rb4 c5 37. Rb2 Rc3 38. h4 a3 39. Ra2 Qb6 40. Qh5 Qf6 41. Qd1 Qg6 42. Bh3 Qb6 43. Rf2 Rb3 44. Qh5 Ng6 45. Qf5 Qb8 46. h5 Rb2 47. Qf7+ Kh8 48. Bg2 Rxf2 49. Qxf2 Ne7 50. h6 Ng8 51. hxg7+ Kxg7 52. Qe2 Nf6 53. Qd2 Ng4+ 54. Kh3 Ne3 55. Qa5 Qc8+ 56. Kh2 Ng4+ 57. Kg1 Qf8 0-1

[Event "CZE-chT1W 0809"]
[Site "Czech Republic"]
[Date "2008.12.14"]
[Round "5.6"]
[White "Turner, Radek"]
[Black "Kriz, Daniel"]
[Result "1-0"]
[WhiteElo "2083"]
[BlackElo "1945"]
[PlyCount "89"]
[EventDate "2008.10.19"]
[EventType "team-tourn"]
[EventRounds "11"]
[EventCountry "CZE"]
[SourceTitle "EXT 2010"]
[Source "ChessBase"]
[SourceDate "2010.11.25"]
[SourceVersion "1"]
[SourceVersionDate "2010.11.25"]
[SourceQuality "1"]
[WhiteTeam "Plzen"]
[BlackTeam "Praha Holdia"]
[WhiteTeamCountry "CZE"]
[BlackTeamCountry "CZE"]

1. c4 e5 2. g3 Nf6 3. Bg2 g6 4. Nc3 Bg7 5. e4 0-0 6. Nge2 d6 7. 0-0 Be6 8. d3 Qd7 9. f3 Bh3 10. Be3 Nc6 11. Qd2 h6 12. Nd5 Kh7 13. Bxh3 Qxh3 14. Nxc7 Rac8 15. Nb5 Ne8 16. Nxa7 Nxa7 17. Bxa7 f5 18. Nc3 f4 19. g4 Ra8 20. Bb6 Ra6 21. c5 Nf6 22. b4 Nd7 23. Nd5 h5 24. Qg2 Qh4 25. a4 dxc5 26. Bc7 cxb4 27. Nxb4 Raa8 28. a5 Qe7 29. Nd5 Qc5+ 30. Qf2 Qb5 31. Bd6 Qxd3 32. Rfd1 Qb3 33. Rdb1 Qc4 34. Rc1 Qb3 35. Rc3 Qb5 36. Nc7 Rxa5 37. Nxb5 Rxa1+ 38. Kg2 Rfa8 39. Rc2 Nf6 40. g5 Nd7 41. h4 R8a6 42. Qd2 Nb6 43. Nc7 R6a4 44. Bc5 Nc4 45. Qd7 1-0

[Event "CZE-ch Juniors op-A"]
[Site "Sec u Chrudimi"]
[Date "2007.03.10"]
[Round "1"]
[White "Kriz, Daniel"]
[Black "Kyselka, Daniel"]
[Result "0-1"]
[WhiteElo "1956"]
[BlackElo "1689"]
[PlyCount "72"]
[EventDate "2007.03.10"]
[EventType "swiss"]
[EventRounds "9"]
[EventCountry "CZE"]
[SourceTitle "EXT 2008"]
[Source "ChessBase"]
[SourceDate "2007.11.25"]
[SourceVersion "1"]
[SourceVersionDate "2007.11.25"]
[SourceQuality "1"]

1. e4 e6 2. d4 d5 3. exd5 exd5 4. Bd3 Nf6 5. Nf3 Bg4 6. 0-0 Nc6 7. c3 Be7 8. Bg5 h6 9. Bh4 g5 10. Bg3 Ne4 11. h3 Nxg3 12. fxg3 Be6 13. Qb3 Qd6 14. Nbd2 0-0-0 15. Kh2 g4 16. Ng1 Bh4 17. Ne2 Rdg8 18. c4 gxh3 19. Bf5 Bxg3+ 20. Nxg3 hxg2 21. Bxe6+ fxe6 22. Kxg2 Nxd4 23. Qd3 Nf5 24. Rxf5 exf5 25. Qxf5+ Kb8 26. Qf3 dxc4 27. Nxc4 Qe6 28. Na5 Rxg3+ 29. Kxg3 Qe5+ 30. Kh3 Qxa5 31. Qf6 Qh5+ 32. Kg3 Rg8+ 33. Kf2 Qh2+ 34. Ke3 Rg3+ 35. Ke4 Qe2+ 36. Kd5 Rg5+ 0-1

[Event "CZE-chT U18 0506"]
[Site "Czech Republic"]
[Date "2006.04.22"]
[Round "6"]
[White "Kriz, Daniel"]
[Black "Vyslouzil, Lukas"]
[Result "0-1"]
[WhiteElo "1791"]
[BlackElo "1908"]
[PlyCount "54"]
[EventDate "2005.10.08"]
[EventType "team"]
[EventRounds "11"]
[EventCountry "CZE"]
[SourceTitle "EXT 2009"]
[Source "ChessBase"]
[SourceDate "2008.11.26"]
[SourceVersion "1"]
[SourceVersionDate "2008.11.26"]
[SourceQuality "1"]
[WhiteTeam "Plzen"]
[BlackTeam "Grygov"]
[WhiteTeamCountry "CZE"]
[BlackTeamCountry "CZE"]

1. c4 Nf6 2. Nc3 d5 3. cxd5 Nxd5 4. g3 e5 5. Bg2 Be6 6. Nf3 Nc6 7. 0-0 Qd7 8. Ng5 Nxc3 9. bxc3 Bg4 10. Rb1 Be7 11. d3 Bxg5 12. Bxg5 Rb8 13. Qa4 0-0 14. Rxb7 Rxb7 15. Bxc6 Qf5 16. Bxb7 Qxg5 17. Qc2 f5 18. f4 exf4 19. Rxf4 Qh5 20. e4 g5 21. Rf2 f4 22. Qb3+ Kg7 23. Qb4 Bf3 24. Qd4+ Kh6 25. Qc5 Rf7 26. Rb2 fxg3 27. Bd5 Bxe4 0-1

[Event "CZE-ch U14"]
[Site "Sec u Chrudimi"]
[Date "2005.10.27"]
[Round "7"]
[White "Kriz, Daniel"]
[Black "Kosek, Marek"]
[Result "1/2-1/2"]
[WhiteElo "1791"]
[BlackElo "1504"]
[PlyCount "73"]
[EventDate "2005.10.22"]
[EventType "swiss"]
[EventRounds "9"]
[EventCountry "CZE"]
[SourceTitle "EXT 2008"]
[Source "ChessBase"]
[SourceDate "2007.11.25"]
[SourceVersion "1"]
[SourceVersionDate "2007.11.25"]
[SourceQuality "1"]

1. e4 c5 2. c3 d5 3. exd5 Qxd5 4. d4 Nc6 5. Nf3 Bg4 6. Be2 cxd4 7. cxd4 e6 8. Nc3 Qd7 9. 0-0 Nf6 10. h3 Bh5 11. Be3 Be7 12. Ne5 Bxe2 13. Qxe2 Qc8 14. Rac1 0-0 15. Qf3 Nd7 16. Nxc6 bxc6 17. Na4 Qa6 18. Qxc6 Nb6 19. Nxb6 axb6 20. a3 Bf6 21. Qc4 Qb7 22. Qb4 h6 23. Rc2 Rfc8 24. Rfc1 Rxc2 25. Rxc2 Rd8 26. a4 Rd5 27. b3 Qb8 28. Qc4 Qa7 29. Qc6 Bxd4 30. Rd2 Bxe3 31. Rxd5 Bxf2+ 32. Kxf2 exd5 33. Qc8+ Kh7 34. Qf5+ Kg8 35. Qc8+ Kh7 36. Qf5+ Kg8 37. Qc8+ 1/2-1/2

[Event "CZE-chT U18 0506"]
[Site "Czech Republic"]
[Date "2005.10.08"]
[Round "1"]
[White "Kriz, Daniel"]
[Black "Slazansky, Martin"]
[Result "1/2-1/2"]
[WhiteElo "1791"]
[BlackElo "1708"]
[PlyCount "94"]
[EventDate "2005.10.08"]
[EventType "team"]
[EventRounds "11"]
[EventCountry "CZE"]
[SourceTitle "EXT 2009"]
[Source "ChessBase"]
[SourceDate "2008.11.26"]
[SourceVersion "1"]
[SourceVersionDate "2008.11.26"]
[SourceQuality "1"]
[WhiteTeam "Plzen"]
[BlackTeam "Liberec"]
[WhiteTeamCountry "CZE"]
[BlackTeamCountry "CZE"]

1. e4 c5 2. c3 Nf6 3. e5 Nd5 4. d4 e6 5. Nf3 cxd4 6. cxd4 Bb4+ 7. Nbd2 Nc6 8. a3 Bxd2+ 9. Bxd2 0-0 10. Bd3 f5 11. exf6 Nxf6 12. 0-0 b6 13. Bg5 Ne7 14. Qc2 h6 15. Bf4 Bb7 16. Qe2 Bxf3 17. gxf3 Nfd5 18. Bd6 Nf4 19. Bxf4 Rxf4 20. Kh1 Nf5 21. Bxf5 Rxf5 22. Rg1 Qf6 23. Rg3 Rf8 24. Rag1 g5 25. Kg2 Rd5 26. Rc1 Qxd4 27. Rc7 a5 28. Rc3 b5 29. Qc2 Rff5 30. Rc8+ Kg7 31. Qc7 Rc5 32. Qa7 Rc4 33. Qb8 Rxc8 34. Qxc8 Rf8 35. Qc7 a4 36. h4 Kg6 37. Qc2+ Rf5 38. Qc8 Qg7 39. Qe8+ Qf7 40. Qb8 Qf8 41. Qb7 Qf7 42. Qc7 Rf4 43. hxg5 hxg5 44. Qe5 Rf5 45. Qh8 Qg7 46. Qe8+ Rf7 47. f4 Qf8 1/2-1/2

[Event "Klatovy op-B"]
[Site "Klatovy"]
[Date "2004.07.??"]
[Round "?"]
[White "Kriz, Daniel"]
[Black "Hava, Jaroslav"]
[Result "0-1"]
[WhiteElo "1730"]
[BlackElo "1870"]
[PlyCount "72"]
[EventDate "2004.07.??"]
[EventType "swiss"]
[EventRounds "9"]
[EventCountry "CZE"]
[SourceTitle "EXT 2007"]
[Source "ChessBase"]
[SourceDate "2006.11.23"]
[SourceVersion "1"]
[SourceVersionDate "2006.11.23"]
[SourceQuality "1"]

1. e4 e5 2. Nf3 Nf6 3. Nc3 Bb4 4. Nxe5 Qe7 5. Nd3 Bxc3 6. dxc3 Qxe4+ 7. Qe2 d6 8. Qxe4+ Nxe4 9. Be3 Be6 10. 0-0-0 Nd7 11. f3 Nec5 12. Nxc5 Nxc5 13. Bxc5 dxc5 14. g4 Ke7 15. Bd3 Rad8 16. Rhe1 Kf6 17. h4 h6 18. Be4 b6 19. b3 Rd6 20. Rd3 Rhd8 21. Red1 Ke5 22. c4 Rd4 23. c3 Rxd3 24. Bxd3 Kf4 25. Kc2 Rd6 26. Rf1 Kg3 27. h5 Kg2 28. Be2 f5 29. Rc1 Kf2 30. Bd1 Ke3 31. Kb1 f4 32. Ka1 Bd7 33. b4 Bc6 34. b5 Bxf3 35. Bxf3 Kxf3 36. Rf1+ Kg3 0-1

[Event "Klatovy op-B"]
[Site "Klatovy"]
[Date "2004.07.??"]
[Round "?"]
[White "Mede, M."]
[Black "Kriz, Daniel"]
[Result "1/2-1/2"]
[WhiteElo "1625"]
[BlackElo "1730"]
[PlyCount "56"]
[EventDate "2004.07.??"]
[EventType "swiss"]
[EventRounds "9"]
[EventCountry "CZE"]
[SourceTitle "EXT 2007"]
[Source "ChessBase"]
[SourceDate "2006.11.23"]
[SourceVersion "1"]
[SourceVersionDate "2006.11.23"]
[SourceQuality "1"]

1. f4 e5 2. fxe5 d6 3. exd6 Bxd6 4. Nf3 g5 5. d4 g4 6. Ng5 f5 7. e4 h6 8. e5 Be7 9. Nf7 Kxf7 10. Bc4+ Kf8 11. 0-0 Nc6 12. Be3 h5 13. Nc3 Bg5 14. Bf2 h4 15. Ne2 h3 16. g3 Nge7 17. Nc3 a6 18. a4 b6 19. Qd3 Nb4 20. Qe2 Nbd5 21. Nxd5 Nxd5 22. Bb3 c6 23. c4 Ne7 24. Rad1 Ng6 25. d5 c5 26. e6 Qd6 27. Qxg4 fxg4 28. Bxc5+ Ke8 1/2-1/2

[Event "Plzen op-A 10th"]
[Site "Plzen"]
[Date "2004.??.??"]
[Round "4"]
[White "Kovarik, Josef"]
[Black "Kriz, Daniel"]
[Result "0-1"]
[WhiteElo "1955"]
[BlackElo "1730"]
[PlyCount "52"]
[EventDate "2004.08.??"]
[EventType "swiss"]
[EventRounds "9"]
[EventCountry "CZE"]
[SourceTitle "EXT 2007"]
[Source "ChessBase"]
[SourceDate "2006.11.23"]
[SourceVersion "1"]
[SourceVersionDate "2006.11.23"]
[SourceQuality "1"]

1. Nf3 g6 2. d4 Bg7 3. c4 Nf6 4. Nc3 d6 5. g3 0-0 6. Bg2 Nbd7 7. 0-0 c5 8. e3 Nb6 9. Qe2 cxd4 10. exd4 Qc7 11. b3 Bd7 12. Bb2 Rfe8 13. Rfe1 e5 14. d5 a6 15. Rad1 e4 16. Ng5 Bg4 17. Qd2 Bxd1 18. Nxd1 h6 19. Bxf6 Bxf6 20. Nxe4 Bg7 21. Qf4 f5 22. Ne3 fxe4 23. Bxe4 Qf7 24. Qxd6 Rxe4 25. Qxb6 Rf8 26. Nc2 Bd4 0-1

[Event "Plzen op-A 10th"]
[Site "Plzen"]
[Date "2004.??.??"]
[Round "2"]
[White "Kriz, Daniel"]
[Black "Kamenik, Martin"]
[Result "0-1"]
[WhiteElo "1730"]
[BlackElo "2055"]
[PlyCount "102"]
[EventDate "2004.08.??"]
[EventType "swiss"]
[EventRounds "9"]
[EventCountry "CZE"]
[SourceTitle "EXT 2007"]
[Source "ChessBase"]
[SourceDate "2006.11.23"]
[SourceVersion "1"]
[SourceVersionDate "2006.11.23"]
[SourceQuality "1"]

1. e4 c5 2. c3 d5 3. exd5 Qxd5 4. d4 e5 5. Nf3 cxd4 6. cxd4 Nc6 7. Nc3 Bb4 8. Bd2 Bxc3 9. Bxc3 e4 10. Ne5 Nxe5 11. dxe5 Ne7 12. Qxd5 Nxd5 13. Bb5+ Ke7 14. Bd4 Bd7 15. Bxd7 Kxd7 16. 0-0 Ke6 17. a3 g5 18. Rfe1 Rhd8 19. Rxe4 Rac8 20. Ree1 b6 21. g3 Nf4 22. Bc3 Nd5 23. Bd4 h5 24. Rac1 h4 25. Rxc8 Rxc8 26. Be3 hxg3 27. hxg3 g4 28. Re2 Rc4 29. Bg5 b5 30. Bf6 a5 31. Rd2 a4 32. Rd3 Rc2 33. b3 Rc3 34. Rxc3 Nxc3 35. bxa4 bxa4 36. Bg7 Nb5 37. Bf8 Kxe5 38. Kf1 Kd4 39. Ke2 Nc3+ 40. Kd2 Kc4 41. Ke3 Kb3 42. Kf4 Nb5 43. Kxg4 Nxa3 44. Kf5 Nc2 45. Kf6 Nb4 46. Kxf7 a3 47. Bg7 Nd3 48. Ba1 Nxf2 49. Ke6 a2 50. Ke5 Kc2 51. Kd5 Kb1 0-1

[Event "Plzen op-A 10th"]
[Site "Plzen"]
[Date "2004.??.??"]
[Round "3"]
[White "Sladek, Jaroslav"]
[Black "Kriz, Daniel"]
[Result "1/2-1/2"]
[WhiteElo "2040"]
[BlackElo "1730"]
[PlyCount "24"]
[EventDate "2004.08.??"]
[EventType "swiss"]
[EventRounds "9"]
[EventCountry "CZE"]
[SourceTitle "EXT 2007"]
[Source "ChessBase"]
[SourceDate "2006.11.23"]
[SourceVersion "1"]
[SourceVersionDate "2006.11.23"]
[SourceQuality "1"]

1. e4 e5 2. Nf3 Nc6 3. Bc4 Nf6 4. Ng5 d5 5. exd5 Na5 6. Bb5+ Bd7 7. Qe2 Bd6 8. Nc3 0-0 9. Bxd7 Qxd7 10. a3 b6 11. d3 Bc5 12. 0-0 Nxd5 1/2-1/2